Vainqueur Motocross MX1 - Statistiques

Statistiques générales
  • Ce quiz a été pris 53 fois
  • Le résultat moyen est 5 sur 27
Statistiques - réponses
Victoire / Manche Victoire / GP Pilote Pays % Correct
74 38 Antonio Cairoli Italie
100%
54 29 Stefan Everts Belgique
74%
7 4 Gautier Paulin France
43%
23 15 Clément Desalle Belgique
37%
17 4 Max Nagl Allemagne
34%
16 8 Mickaël Pichon France
31%
6 4 Ben Townley Nouvelle-Zélande
26%
11 5 Kevin Strijbos Belgique
23%
6 2 Christophe Pourcel France
11%
8 4 Sébastien Pourcel France
11%
1 Sébastien Tortelli France
11%
18 11 Joshua Coppins Nouvelle-Zélande
9%
15 5 Ken De Dycker Belgique
9%
7 1 Steve Ramon Belgique
9%
3 1 Evgeny Bobryshev Russie
6%
5 2 Steven Frossard France
6%
4 3 Tanel Leok Estonie
6%
3 1 Brian Jorgensen Danemark
3%
2 1 Cédric Melotte Belgique
3%
10 6 David Philippaerts Italie
3%
2 Joël Smets Belgique
3%
9 6 Jonathan Barragan Espagne
3%
3 1 Marc De Reuver Pays-Bas
3%
1 1 Shaun Simpson Royaume-Uni
3%
1 Xavier Boog France
3%
1 1 Billy McKenzie Royaume-Uni
0%
1 Mike Brown États-Unis
0%
Aucun quiz correspondant
Distribution des résultats
% des personnes avec chaque résultat
Percentile par nombre de réponses
Votre historique - résultats
Vous n’avez pas pris ce quiz